000 00567nam a2200193Ia 4500
999 _c1455
_d1455
003 OSt
005 20200928120838.0
008 190216s9999||||xx |||||||||||||| ||und||
020 _a8171331815
040 _coclc
082 _a589.24
_bRAI/F
100 _aRai, Bharat
_95064
245 0 _aFungal Ecology And Biotechnology /
_cBharat Rai ; D K Arora ; N K Dubey ; PD Sharma
250 _a1st Ed.
260 _bRasthogi Publications,
_c1993.
_aMeerut:
300 _a310p
650 _aBotany
942 _cBK
_2ddc
_h589.24
_iRAI/F
_k589.24
_mRAI/F